Стихотворения; Полное собрание сочинений

Xehetasun bibliografikoak
Parent link:Полное собрание сочинений/ Д. И. Хармс. Т. 1.— , 1999
Hizkuntza:errusiera
Argitaratua: 1999
Gaiak:
Formatua: Liburua
KOHA link:https://koha.lib.tpu.ru/cgi-bin/koha/opac-detail.pl?biblionumber=24704

MARC

LEADER 00000nam0a2200000 4500
001 24704
005 20231030200320.0
010 |a 573310032X 
035 |a (RuTPU)RU\TPU\book\24934 
035 |a BOOK00000045 
090 |a 24704 
100 |a 20011209d1999 m y0rusy50 ca 
101 0 |a rus 
102 |a RU 
105 |a а z 000ay 
200 1 |a Стихотворения 
210 |d 1999 
215 |a 440 с.  |c ил. 
461 |t Полное собрание сочинений  |f Д. И. Хармс  |v Т. 1  |d 1999 
610 1 |a стихотворения 
675 |a Р2  |v 3 
801 0 |a RU  |b 63413507  |c 20011209  |g PSBO 
801 2 |a RU  |b 63413507  |c 20060413  |g PSBO 
942 |c BK